Arquitectura militar en la Edad Media.
Descripción de las partes fundamentales de los emplazamientos arquitectónicos españoles: molduras, filigranas, columnas, etc. Castillos españoles. Arquitectura renacentista, románica y gótica. Materiales.
Guardado en:
| Formato: | |
|---|---|
| Materias: | |
| Etiquetas: |
Agregar Etiqueta
Sin Etiquetas, Sea el primero en etiquetar este registro!
|
| LEADER | 01001ngm a22002655g 4500 | ||
|---|---|---|---|
| 001 | CEM.cems021711 | ||
| 008 | 130507b1991##################0###0#####d | ||
| 005 | 20240904170549.0 | ||
| 245 | 0 | 0 | |a Arquitectura militar en la Edad Media. |
| 300 | |a 36 | ||
| 500 | |a En soporte VHS, consultar en ventanilla. | ||
| 538 | |a Soporte: VHS - Norma: Pal N - Color - Grabación DRD 1991 - Hitachi=4170 | ||
| 520 | |a Descripción de las partes fundamentales de los emplazamientos arquitectónicos españoles: molduras, filigranas, columnas, etc. Castillos españoles. Arquitectura renacentista, románica y gótica. Materiales. | ||
| 082 | 7 | 5 | |. 06/TRU |
| 653 | |a ARTE | ||
| 653 | |a EDAD MEDIA-ARQUITECTURA | ||
| 653 | |a ARQUITECTURA | ||
| 653 | |a EDAD MEDIA-ARTE | ||
| 653 | |a HISTORIA MEDIEVAL | ||
| 653 | |a CASTILLOS ESPAÑOLES | ||
| 653 | |a RENACIMIENTO | ||
| 653 | |a GOTICO | ||
| 653 | |a ROMANICO | ||
| 653 | |a NIVEL SECUNDARIO | ||
| 859 | |a CEMS |b BIB. CEMS - Depto. Recursos Didacticos |h 759.06 |i TRU |k DRD |p 354.12 |t Ej.1 | ||
